Normal view
MARC view
Entry Personal Name
001 - CONTROL NUMBER
- control field: 2873
003 - CONTROL NUMBER IDENTIFIER
- control field: ARRUPE
005 - DATE AND TIME OF LATEST TRANSACTION
- control field: 20131023171735.0
008 - FIXED-LENGTH DATA ELEMENTS
- fixed length control field: 131023|| aca||aabn | a|a d
040 ## - CATALOGING SOURCE
- Original cataloging agency: ARRUPE
- Transcribing agency: ARRUPE
100 ## - HEADING--PERSONAL NAME
- Personal name: Price, H. H.
- Fuller form of name: (Henry Habberley),
- Dates associated with a name: 1899-
670 ## - SOURCE DATA FOUND
- Source citation: Work cat.: (ARRUPE)0: Price, H. H. (Henry Habberley), 1899-, Philosophical interactions with parapsychology :, 1995.